[Event "IND-ch U17"]
[Site "Saravanampatty"]
[Date "2017.10.29"]
[Round "8"]
[White "Jubin, Jimmy"]
[Black "Hari, R Chandran"]
[Result "1-0"]
[WhiteElo "1936"]
[BlackElo "1658"]
[PlyCount "79"]
[EventDate "2017.10.24"]
[EventType "swiss"]
[EventRounds "11"]
[EventCountry "IND"]
[SourceTitle "CBM 181 Extra"]
[Source "ChessBase"]
[SourceDate "2017.12.12"]
[SourceVersion "1"]
[SourceVersionDate "2017.12.12"]
[SourceQuality "1"]

1. d4 d5 2. c4 e6 3. Nc3 c6 4. e3 Bd6 5. Bd3 f5 6. Nge2 Nf6 7. f3 0-0 8. 0-0 dxc4 9. Bxc4 b5 10. Bb3 b4 11. Nb1 Kh8 12. Nd2 Ba6 13. Nc4 Bxc4 14. Bxc4 Qe7 15. Bd2 Nbd7 16. Rc1 a5 17. Qc2 Rac8 18. b3 Nb6 19. Rfe1 Nxc4 20. Qxc4 Nd5 21. Qd3 Nf6 22. Rc4 Rc7 23. Rec1 Rfc8 24. Be1 c5 25. dxc5 Bxc5 26. Bh4 e5 27. Qxf5 Bxe3+ 28. Kf1 Bb6 29. Qxc8+ Rxc8 30. Rxc8+ Bd8 31. Rd1 h6 32. Rcxd8+ Kh7 33. Ng3 g5 34. Ne4 Qb7 35. R1d7+ Nxd7 36. Rxd7+ Qxd7 37. Nf6+ Kg6 38. Nxd7 gxh4 39. Nxe5+ Kf5 40. Nc6 1-0